000 00251nam a2200121 i 4500
001 bg
245 0 0 _aMetallofizika.
_nVyp.42.
260 _aKiev,
_c1972.
040 _cBPK
041 _apol
942 _cKS
008 s pl f |000 0 pol
999 _c15098
_d15098
856 _uhttp://koha.tu.koszalin.pl/cgi-bin/koha/opac-detail.pl?biblionumber=15098
_yKatalog online BPK